000 00952cam a22003017a 4500
999 _c332184
_d332184
001 15014076
003 NUST
005 20171117094923.0
008 070920s2007 pk 000 0 urd
010 _a 2007432804
020 _a9780195474404
025 _aP-U-2007432804; 10; 11
040 _aDLC
_cDLC
042 _alcode
050 0 0 _aMLCSA 2007/01580 (P)
082 _a891.439 AKH
100 0 _aAkHtar Shirani,
_d1905-1948.
_96480
240 1 0 _aworks.
_kselections.
_f2007.
245 1 0 _aIntikhab-i kalam-i Ak̲h̲tar Shirani.
250 _a1 ishāʻat.
260 _aKarachi ;
_aNiyu Yark :
_bAuksfarḍ Yunivarsiṭī Pres,
_c2007.
300 _a66 p. ;
_c18 cm.
490 0 _aUrdu virs̲ah
500 _aPoems.
500 _a"Pakistan 60 years, 1947-2007."--Cover.
501 _aP.B
546 _aIn Urdu.
906 _a7
_bcbc
_corigode
_d4
_encip
_f20
_gy-gencatlg
942 _2ddc
_cBK
_kIESE